000 nam a22 7a 4500
999 _c17544
_d17544
008 161128b xxu||||| |||| 00| 0 eng d
020 _a9781416055518
050 _aRT 41 .M38 2009
100 _aMathers, Dorothy
_d2009
245 _aVirtual clinical execursions- Medical -surgical/
_cDorothy Mathers
250 _a8th ed
260 _aSt. Louis,Missouri:
_bSaunders,
_c2009.
300 _aix,261p.:
_bill.;
_c28cm.
521 _aIncludes index.
650 _aSurgical nursing.
650 _aNursing.
650 _aPhysiology, Pathological.
942 _2lcc
_cBOOKS
_hRT 41 .M38 2009